000 00431nam a22001697a 4500
005 20160614153200.0
008 160614b xxu||||| |||| 00| 0 eng d
020 _a81-297-0598-2
041 _aeng
082 _b7550
100 _aMalone, Thomas W & others
_91918
245 _aInventing the organizations of the 21st century
260 _aDelhi
_bpearson education
300 _a412
650 _aManagement
_9241
942 _cBK
999 _c2697
_d2696